قبل أن يأتى الغرب ... : (Record no. 8175)
[ view plain ]
| 000 -الفاتح | |
|---|---|
| حقل البيانات ثابتة الطول | 00716nac a22001571u 4500 |
| 008 - عناصر البيانات ثابتة الطول - معلومات عامة | |
| حقل البيانات ثابتة الطول | 081027s2006 xxu||||| |||| 00| 0 ara d |
| 020 ## - الرقم الدولى المعيارى للكتب | |
| الرقم الدولى المعيارى للكتاب | 9771804537 |
| 082 ## - رقم تصنيف ديوى العشرى | |
| رقم التصنيف | 379.62 |
| رقم المادة | ع ث م |
| رقم الطبعة | 22 |
| 245 ## - بيان العنوان | |
| العنوان | قبل أن يأتى الغرب ... : |
| بقية العنوان | الحركة العلمية في مصر في القرن السابع عشر / |
| بيان المسئوليه,etc | ناصر عبد الله عثمان |
| 260 ## - PUBLICATION, DISTRIBUTION, ETC. (IMPRINT) | |
| مكان الناشر او الموزع | القاهرة : |
| اسم الناشر او الموزع | مطبعة دار الكتب والوثائق القومية ،2006 |
| تاريخ النشر أو التوزيع | 2006. |
| 300 ## - الوصف المادى | |
| التعداد | 400 ص : |
| تفاصيل ماديه اخرى للوعاء | ايض ؛ |
| أبعاد الوعاء | 24 سم. |
| 504 ## - تبصرة ببليوجرافية | |
| تبصرة ببليوجرافية,الخ | يحتوي علي إرجاعات ببليوجرافية ص 377-393 |
| 511 ## - | |
| -- | Catalogued by: Sara |
| 650 ## - المدخل الاضافى بالموضوع-مصطلح موضوعى | |
| مصطلح موضوعي أو اسم جغرافي كعنصر مدخل | التعليم |
| 9 (RLIN) | 13701 |
| التقسيم الفرعي العام | تاريخ |
| التقسيم الفرعي الجغرافي | مصر |
| 942 ## - عناصر المدخل الإضافي( كوها) | |
| Koha [default] item type | Book - Borrowing |
| سابقة رقم الطلب | 379.62 ع ث م |
| مصدر التصنيف او مخطط الترفيف | Dewey Decimal Classification |
| حالة التراجع | حالة الفقد | مصدر التصنيف او خطة الترفيف | حالة تلف | ليس للاعارة | مجموعات كوها | المكان الدائم | المكان الحالي | موقع الترفيف | تاريخ الاكتساب | Source of acquisition | رقم الاستدعاء | الباركود | Date last seen | التكلفة | نوع الوعاء | سعر الشراء الطبيعي | تعداد مسلسل / التسلسل الزمني |
|---|---|---|---|---|---|---|---|---|---|---|---|---|---|---|---|---|---|
| Dewey Decimal Classification | Central Library | Central Library | First floor | 19/12/2010 | 379.62 ع ث م | 000010080 | 15/07/2025 | 17.00 | Book - Borrowing | ||||||||
| Dewey Decimal Classification | Central Library | Central Library | First floor | 19/12/2010 | 379.62 ع ث م | 000020463 | 15/07/2025 | Book - Borrowing | 17.00 | 000017 |